| 000 | 02504nam a2200325 a 4500 | ||
|---|---|---|---|
| 001 | eep9781781000625 | ||
| 003 | DLC | ||
| 005 | 20210215104128.0 | ||
| 006 | m o d | ||
| 007 | cr un||||||||| | ||
| 008 | 090924s2010 enk ob 001 0 eng d | ||
| 010 | _a 2009937751 | ||
| 020 | _a9781781000625 (e-book) | ||
| 040 |
_aYDXCP _cYDXCP _dBWK _dU3G _dCDX _dGEBAY _dUKMGB _dDLC |
||
| 050 | 4 |
_aJZ4841 _b.H35 2010 |
|
| 100 | 1 |
_aHallström, Kristina Tamm, _d1964- |
|
| 245 | 1 | 0 |
_aTransnational multi-stakeholder standardization _h[electronic resource] : _borganizing fragile non-state authority / _cKristina Tamm Hallstrom, Magnus Boström. |
| 260 |
_aCheltenham ; _aNorthampton, Mass. : _bEdward Elgar Publishing, _c2010. |
||
| 300 | _a1 online resource (xii, 208 p.) | ||
| 504 | _aIncludes bibliographical references and index. | ||
| 505 | 0 | _a1. Organizing transnational multi-stakeholder standard setting -- 2. Authority as legitimate power -- 3. International organization for standardization : a standard for social responsibility -- 4. Forest Stewardship Council -- 5. Marine Stewardship Council -- 6. Actors and capabilities in the regulatory space -- 7. Dynamics of preferences and strategies of participation -- 8. Power and actor categories -- 9. Legitimacy in the making -- 10. Fragile non-state authority : the long and winding road to legitimate power. | |
| 520 | _aThis enriching book provides a novel analysis of the organizational processes behind the establishment, maintenance, and challenges of non-state authority. In doing so, it compares three transnational, multi-stakeholder standard-setting processes: those of the Forest Stewardship Council, the Marine Stewardship Council, and the International Organization for Standardization on the subject of social responsibility (ISO 26000). The authors theorize the fragility of authority defined as legitimate power. They examine the problematic nature of the long-term transnational multi-stakeholder work upon which this authority is based, including the risks of being ruled out by competing rule setters or being split apart by the centrifugal forces inherent in the multi-stakeholder logics. | ||
| 650 | 0 |
_aInternational organization _xStandards. |
|
| 650 | 0 |
_aInternational agencies _xStandards. |
|
| 655 | 7 |
_aElectronic books. _2lcsh |
|
| 700 | 1 | _aBoström, Magnus. | |
| 710 | 2 | _aEdward Elgar Publishing. | |
| 776 | 1 |
_z9781845429041 (hardback) _z1845429044 |
|
| 856 | 4 | 0 | _uhttps://www.elgaronline.com/view/9781845429041.xml |
| 999 |
_c28646 _d28646 |
||